Word Ladder: Pangram III Quiz Stats

Quiz Updated Feb 24, 2016

Challenge
Share
Tweet
Embed
Score 0/23 Timer 03:00
1 Play Today
Clue 4-Letter Word % Correct
The Da Vinci ____CODE
97.7%
Kick a footballPUNT
77.1%
Enclosed bayCOVE
75.2%
Like some IDsFAKE
71.9%
RenownFAME
66.2%
Underground chamberCAVE
64.8%
Exit a programQUIT
64.8%
What you just finishedQUIZ
64.6%
MiniaturePUNY
57.4%
Sorry!, e.g.GAME
56.1%
StalkHUNT
55.8%
1975 Spielberg classicJAWS
54.8%
Clue 4-Letter Word % Correct
GLaDOS's lieCAKE
53.7%
Eight, in LyonHUIT
51.4%
Legs, slangilyGAMS
45.4%
Plays with PhishJAMS
38.2%
PortendBODE
36.6%
Type of kegPONY
34.9%
Part of an emailBODY
31.7%
SquarishBOXY
25.8%
Classic Manhattan theatreROXY
23.6%
With next rung, plump (hyph.)ROLY
17.7%
[See previous rung]POLY
17.6%

Today's Daily Dose

You're not logged in!

Compare scores with friends on all Sporcle quizzes.
Sign Up with Email
OR
Log In

You Might Also Like...

Show Comments

Extras

Top Quizzes Today


Score Distribution

Your Account Isn't Verified!

In order to create a playlist on Sporcle, you need to verify the email address you used during registration. Go to your Sporcle Settings to finish the process.